Financial reporting requirements and auditor's responsibilities : (Record no. 151806)

MARC details
000 -LEADER
fixed length control field 00670nam a22001937a 4500
005 - DATE AND TIME OF LATEST TRANSACTION
control field 20180427165617.0
010 ## - LCCN (DPL NO)
LC control number ENG-122831
020 ## - INTERNATIONAL STANDARD BOOK NUMBER
International Standard Book Number 9789386432124
Terms of availability 2495.00
035 ## - SYSTEM CONTROL NUMBER
System control number EN-106363
037 ## - SOURCE OF ACQUISITION
Source of stock number/acquisition DBAD/PUB.
082 ## - DEWEY DECIMAL CLASSIFICATION NUMBER
Classification number 346.5406648
100 ## - MAIN ENTRY--PERSONAL NAME
Personal name Agarwal, Deepa
245 ## - TITLE STATEMENT
Title Financial reporting requirements and auditor's responsibilities :
Statement of responsibility, etc by Deepa Agarwal
Remainder of title under companies act, 2013 /
250 ## - EDITION STATEMENT
Edition statement 2nd edn.
260 ## - PUBLICATION, DISTRIBUTION, ETC. (IMPRINT)
Place of publication, distribution, etc New Delhi
Name of publisher, distributor, etc Bloomsbury
Date of publication, distribution, etc 2017
270 ## - ADDRESS
Address 2nd Floor, Building No.4, DDA Complex LSC, Pocket-C-6&&, Vasant Kunj,
City New Delhi
Postal code 110070
300 v# - PHYSICAL DESCRIPTION
Extent xxix, 1548p.
Dimensions 24cm(pbk)
942 ## - ADDED ENTRY ELEMENTS (KOHA)
Source of classification or shelving scheme Dewey Decimal Classification
Item type English Books
Call number suffix AGA
Classification part 346.5406648
Holdings
Withdrawn status Lost status Not for loan Collection code Home library Current library Date acquired Source of acquisition Cost, normal purchase price Full call number Barcode Copy number Cost, replacement price Koha item type
    Not For Loan Non-fiction D.B.Act.Division Central Library 27/04/2018 DBAD/PUB 2495.00 346.5406648 AGA EN-106363 1 2495.00 English Books

© Delhi Public Library
Hit Counter
free hit counter